Les colònies de gats en l'àmbit urbà
Descripción Física:
1 díptic ; il·lustracions color ; 21 cm
Idioma:
Catalán
MARC
| LEADER | 00000nam a22000007a 4500 | ||
|---|---|---|---|
| 001 | 28483 | ||
| 003 | AGDB | ||
| 005 | 20260324181524.0 | ||
| 008 | 230516b spa||||| |||| 00| 0 cat d | ||
| 017 | |a B 19549-2023 | ||
| 040 | |a agdb |b cat | ||
| 245 | |a Les colònies de gats en l'àmbit urbà | ||
| 260 | |a Barcelona : |b Diputació de Barcelona ; |c 2023 | ||
| 300 | |a 1 díptic ; |b il·lustracions color ; |c 21 cm | ||
| 650 | 0 | |9 55867 |a Gats |x Control biològic | |
| 655 | 0 | |a Fulletons |9 55858 | |
| 710 | |9 52421 |a Barcelona (Catalunya : Província). |b Àrea d'Atenció a les Persones | ||
| 710 | |a Sant Martí de Tous (Catalunya). |b Ajuntament |9 70699 | ||
| 942 | |c ARXIU |n 1 |2 udc | ||
| 952 | |0 0 |1 0 |4 0 |6 FU7723 |7 0 |9 96942 |a Arxiu |b Arxiu |d 2024-04-11 |l 0 |o FU-77-23 |p 28483 |r 2024-04-11 00:00:00 |w 2024-04-11 |y ARXIU | ||
| 999 | |c 128788 |d 128788 | ||